Hacking Google Maps and Google Earth

Αποθηκεύτηκε σε:
Λεπτομέρειες βιβλιογραφικής εγγραφής
Κύριος συγγραφέας: Brown, Martin C.
Μορφή: Βιβλίο
Γλώσσα:English
Δημοσίευση: Indianapolis, IN : Wiley Pub., c2006
Σειρά:ExtremeTech
Θέματα:
Ετικέτες: Προσθήκη ετικέτας
Δεν υπάρχουν, Καταχωρήστε ετικέτα πρώτοι!

MARC

LEADER 00000nam a2200000 i 4500
001 1/48068
008 070712s2006 eng d
020 |a 978-0-471-79009-9 (pbk.) 
020 |a 0-471-79009-5 (pbk.) 
035 |l 10088817 
040 |a GR-MY-UA  |b gre  |e aacr 
041 0 |a eng 
082 0 |a 910.285  |2 (22) 
100 1 |a Brown, Martin C. 
245 1 0 |a Hacking Google Maps and Google Earth /  |c Martin C. Brown 
260 |a Indianapolis, IN :   |b Wiley Pub.,   |c c2006 
300 |a xxiii, 373 σ.;  |b εικ., χάρτες;  |c 24 εκ. 
490 1 |a ExtremeTech 
504 |a Περιέχει ευρετήριο 
630 0 0 |a Google Maps. 
630 0 0 |a Google Earth. 
650 0 0 |a Geographic information systems. 
830 0 |a ExtremeTech 
852 |a INST  |b LESVOS  |e 20070712  |h 910.285 BRO  |p 005100041515  |q 005100041515  |t BK  |y 0 
901 |a BIBL1-2007-2 
909 |a Λ  |b 135918 
922 |a 1ΕΛΗ  |b 200706  |c ΕΠΕΑΕΚ2/ΤΓ  |d ΕΛΕΥΘΕΡΟΥΔΑΚΗΣ 
970 |a ΚΑΡΑ  |b ΓΙΑΣΕΜΗ  |z 2007/07/12